000 00876nam a2200277Ia 4500
003 OSt
005 20221005093446.0
006 a|||||r|||| 00| 0
007 ta
008 221004b |||||||| |||| 00| 0 eng d
020 _a0471191965
024 _a25788
037 _cTextual
040 _aCRL
_cCRL
_beng
041 _2eng
_aeng
082 _aE9G,92Z2:f3, N8
100 _aBaxevanis Andreas D Editor
_9618377
245 0 _aBioinformatics
_b A practical guide to the analysis of genes and proteins
260 _aNew York
_bWiley-Interscience
_c1998
300 _a370p.
_ccm.
490 _aMethods of biochemical analysis, vol.39
650 _aBIOCHEMISTRY
700 _a Ouellette B F Francis Editor
_9618378
942 _hE9G,92Z2:f3, N8
_cTEXL
_2cc
999 _c1000375
_d1000375